| 000 | 01611cam a22001814a 4500 | ||
|---|---|---|---|
| 005 | 20250605164405.0 | ||
| 008 | 250528s ||||||||||||||||||||||||d | ||
| 035 | _a24807 | ||
| 040 |
_aGR-AtMCL _bgre _dGR-AtMCL _eAACR2 |
||
| 245 | 1 | _aΑφιέρωμα στα 40 χρόνια λειτουργίας του ΜΗΤΕΡΑ | |
| 260 |
_bΥγεία, _c2020 |
||
| 300 | _a897 | ||
| 520 | _a40 Χρόνια ΜΗΤΕΡΑ, Ένα Ολοκληρωμένο Νοσοκομείο, Ογκολογία στο Νεογνό και στο Βρέφος, Νεογνή Αιμοχρωμάτωση, Παιδική Βαρηκοία: Πρώιμη Διάγνωση και Έγκαιρη Αντιμετώπιση Παθήσεων Μηνοειδών Βαλβίδων στα Παιδιά, Αντισύλληψη στην Εφηβεία και Σεξουαλικώς Μεταδιδόμενα Νοσήματα, 40 χρόνια Γυναικολογικοί Υπέρηχοι, Χειρουργικές Εξελίξεις στη Γυναικολογική Ογκολογία, Καρκίνος Μαστού: Αλλαγές στη Θεραπευτική Προσέγγιση την Τελευταία 50ετία, Μονάδα Τεχνητοού Νεφρού (ΜΤΝ) ΜΗΤΕΡΑ: μια Σύγχρονη ΜΤΝ με Σημαντικό Ρόλο στην Αντιμετώπιση Ασθενών με Νεφρική Βλάβη, Επεμβατική Αντιμετώπιση Κολπικής Μαρμαρυγής. | ||
| 700 | 1 |
_aΑποστολάκης Ιωάννης _99425 |
|
| 942 | _cCR | ||
| 999 |
_c9652 _d9652 |
||